Statistics for Cool Math Games Quiz

Click here to take the quiz!

General Stats

  • This quiz has been taken 16 times
  • The average score is 6 of 21

Answer Stats

Answer% Correct
Run
86%
Chess
79%
Red Ball
64%
Fireboy & Watergirl
57%
Duck Life
43%
The World's Hardest Game
43%
Papa's Pizzaria
36%
Snail Bob
36%
Bloxorz
29%
Johnny Upgrade
29%
IQ Ball
21%
Jacksmith
21%
Jelly Truck
21%
OVO
21%
Sugar, sugar
21%
Tiny Fishing
21%
Catch The Candy
7%
This is The Only Level
7%
Farafalla
0%
Snoring
0%
Tiny Heist
0%

Score Distribution

Percentile by Number Answered

Percent of People with Each Score

Your Score History

You have not taken this quiz